000
00336pab a2200145 454500
008
180718b2001 xxu||||| |||| 00| 0 eng d
100
_a
Hart, Oliver
245
_a
Financial contracting
260
_c
2001
300
_a
p.1079-1100
362
_a
Dec
650
_a
Finance
773
_a
Journal of Economic Literature
909
_a
51331
999
_c
51331
_d
51331